MS-DOS user's guide

Bibliographic Details
Main Author: DeVoney, Chris
Other Authors: Wyatt, Allen L.
Format: Book
Published: Carmel,In. : Que Corp. , 1988
Subjects:

MARC

LEADER 00000cam a2200000 7i4500
001 0000009417
005 20161124.0
020 |a 0880223499 
040 |a INS 
090 0 0 |a QA76.6   |b D48 1988 
100 1 |a DeVoney, Chris 
245 1 0 |a MS-DOS user's guide   |c Chris DeVoney, revised for Version 3.3 by Allen L. Wyatt 
260 |a Carmel,In. :   |b Que Corp. ,   |c 1988 
300 |a 823p ;   |c 23cm. 
500 |a Includes index 
650 0 0 |a MS-DOS (Computer file) 
650 0 0 |a Operating systems (Computers) 
700 1 |a Wyatt, Allen L. 
999 |a 0000022736   |b BOOK   |c Open Shelf   |e Default branch